| 000 | 00529cas a22001695a 4500 | ||
|---|---|---|---|
| 001 | ##L109916 | ||
| 008 | 070514c1999 xxkfr p 0 a0eng d | ||
| 035 | _a(Sirsi) u109916 | ||
| 041 | 0 | _aeng | |
| 110 | 2 |
_aRoyal Institution of Chartered Surveyors _bPractice Qualifications _94368 |
|
| 245 | 0 | 0 | _aAssessor News |
| 260 |
_aLondon _bRICS _c1999-2007 |
||
| 554 | _aTwo per year | ||
| 651 | 4 |
_aUnited Kingdom _y |
|
| 690 | _aCAREERS, EDUCATION AND TRAINING-QUALIFICATION ROUTES-ASSESSMENT OF PROFESSIONAL COMPETENCE | ||
| 942 | _n0 | ||
| 999 |
_c118726 _d118726 |
||